Olympischer Medaillenspiegel - Badminton - Statistiken

Allgemein
  • Dieses Quiz wurde 52 mal gespielt
    26 seit der letzten Aktualisierung
  • Das Durchschnittsergebnis liegt bei 10 aus 13
Antwortstatistiken
Gesamt Gold Silber Bronze Land % Korrekt
52 22 15 15 China
100%
6 1 1 4 Japan
100%
22 8 6 8 Indonesien
95%
22 7 8 7 Südkorea
95%
10 3 3 4 Dänemark
90%
11 0 6 5 Malaysia
90%
3 2 1 0 Taiwan
86%
3 0 1 2 Indien
81%
1 1 0 0 Spanien
81%
1 0 1 0 Thailand
71%
1 0 0 1 Russland
57%
3 0 1 2 Grossbritannien
43%
1 0 1 0 Niederlande
24%
Keine übereinstimmenden Quizze gefunden
Verteilung der Resultate
Anzahl Personen mit jedem Resultat
Perzentil nach korrekt beantworteten Fragen
Ihre Resultats-Entwicklung
Sie haben dieses Quiz seit der letzten Aktualisierung nicht gespielt